| 000 | 00757nam a2200289Ia 4500 | ||
|---|---|---|---|
| 003 | OSt | ||
| 005 | 20220912150557.0 | ||
| 006 | a|||||r|||| 00| 0 | ||
| 007 | ta | ||
| 008 | 220909b |||||||| |||| 00| 0 eng d | ||
| 024 | _a19469 | ||
| 037 | _cTextual | ||
| 040 |
_aCSL _beng _cCSL |
||
| 041 | _aeng | ||
| 082 | _aY73, L7 | ||
| 100 | _aFOGELSON Raymond D | ||
| 245 | 0 | _aAnthropology of Power | |
| 260 |
_aNew York _b Academic Press _c1977 |
||
| 300 |
_axiv, 429p. _ccm. |
||
| 490 | _aStudies in anthropologyy; 10 | ||
| 650 | _a ethnic relations | ||
| 650 | _a race | ||
| 650 | _aEthnology | ||
| 700 | _a ADAMS Richard N | ||
| 942 |
_hY73, L7 _cTEXL _2CC |
||
| 999 |
_c50440 _d50440 |
||